<?xml version="1.0" encoding="UTF-8"?>
<record
    xmlns:xsi="http://www.w3.org/2001/XMLSchema-instance"
    xsi:schemaLocation="http://www.loc.gov/MARC21/slim http://www.loc.gov/standards/marcxml/schema/MARC21slim.xsd"
    xmlns="http://www.loc.gov/MARC21/slim">

  <leader>00569nam a2200193Ia 4500</leader>
  <controlfield tag="008">190805s9999||||xx |||||||||||||| ||und||</controlfield>
  <datafield tag="020" ind1=" " ind2=" ">
    <subfield code="a">9788126510894</subfield>
    <subfield code="c">Rs. 759.00</subfield>
  </datafield>
  <datafield tag="082" ind1="0" ind2="4">
    <subfield code="a">530</subfield>
    <subfield code="b">R3121 V.2</subfield>
  </datafield>
  <datafield tag="100" ind1="1" ind2=" ">
    <subfield code="a">Halliday, David </subfield>
  </datafield>
  <datafield tag="245" ind1="1" ind2="0">
    <subfield code="a">Physics- Vol-II / </subfield>
  </datafield>
  <datafield tag="250" ind1=" " ind2=" ">
    <subfield code="a">5th ed.</subfield>
  </datafield>
  <datafield tag="260" ind1=" " ind2=" ">
    <subfield code="a">New Delhi : </subfield>
    <subfield code="b">Wiley India Pvt. Ltd,</subfield>
    <subfield code="c">2016</subfield>
  </datafield>
  <datafield tag="300" ind1=" " ind2=" ">
    <subfield code="a">ix, 1198 p.</subfield>
    <subfield code="b"> : ill.</subfield>
    <subfield code="c">; 28 cm.</subfield>
  </datafield>
  <datafield tag="650" ind1=" " ind2="0">
    <subfield code="a">Physics</subfield>
  </datafield>
  <datafield tag="700" ind1="1" ind2=" ">
    <subfield code="a">Krane, Kenneth S.</subfield>
  </datafield>
  <datafield tag="700" ind1="1" ind2=" ">
    <subfield code="a">Resnick, Rober</subfield>
  </datafield>
  <datafield tag="852" ind1=" " ind2=" ">
    <subfield code="a">IMU Kochi Library</subfield>
  </datafield>
  <datafield tag="942" ind1=" " ind2=" ">
    <subfield code="c">BK</subfield>
  </datafield>
  <datafield tag="999" ind1=" " ind2=" ">
    <subfield code="c">195</subfield>
    <subfield code="d">195</subfield>
  </datafield>
  <datafield tag="952" ind1=" " ind2=" ">
    <subfield code="0">0</subfield>
    <subfield code="1">0</subfield>
    <subfield code="4">0</subfield>
    <subfield code="6">530_000000000000000_R3121_V_2</subfield>
    <subfield code="7">0</subfield>
    <subfield code="8">PHYS</subfield>
    <subfield code="9">1398</subfield>
    <subfield code="a">KO</subfield>
    <subfield code="b">KO</subfield>
    <subfield code="c">GEN</subfield>
    <subfield code="d">2017-06-30</subfield>
    <subfield code="e">Educational Supplies</subfield>
    <subfield code="g">759.00</subfield>
    <subfield code="o">530 R3121 V.2</subfield>
    <subfield code="p">BK003735</subfield>
    <subfield code="r">2019-08-05</subfield>
    <subfield code="y">BK</subfield>
    <subfield code="z">Gen. Shelf-9, Row-4</subfield>
  </datafield>
  <datafield tag="952" ind1=" " ind2=" ">
    <subfield code="0">0</subfield>
    <subfield code="1">0</subfield>
    <subfield code="4">0</subfield>
    <subfield code="6">530_000000000000000_R3121_V_2</subfield>
    <subfield code="7">0</subfield>
    <subfield code="8">PHYS</subfield>
    <subfield code="9">1399</subfield>
    <subfield code="a">KO</subfield>
    <subfield code="b">KO</subfield>
    <subfield code="c">GEN</subfield>
    <subfield code="d">2017-06-30</subfield>
    <subfield code="e">Educational Supplies</subfield>
    <subfield code="g">759.00</subfield>
    <subfield code="o">530 R3121 V.2</subfield>
    <subfield code="p">BK003736</subfield>
    <subfield code="r">2019-08-05</subfield>
    <subfield code="y">BK</subfield>
    <subfield code="z">Gen. Shelf-9, Row-4</subfield>
  </datafield>
  <datafield tag="952" ind1=" " ind2=" ">
    <subfield code="0">0</subfield>
    <subfield code="1">0</subfield>
    <subfield code="4">0</subfield>
    <subfield code="6">530_000000000000000_R3121_V_2</subfield>
    <subfield code="7">0</subfield>
    <subfield code="8">PHYS</subfield>
    <subfield code="9">1400</subfield>
    <subfield code="a">KO</subfield>
    <subfield code="b">KO</subfield>
    <subfield code="c">GEN</subfield>
    <subfield code="d">2017-06-30</subfield>
    <subfield code="e">Educational Supplies</subfield>
    <subfield code="g">759.00</subfield>
    <subfield code="o">530 R3121 V.2</subfield>
    <subfield code="p">BK003734</subfield>
    <subfield code="r">2019-08-05</subfield>
    <subfield code="y">BK</subfield>
    <subfield code="z">Gen. Shelf-9, Row-4</subfield>
  </datafield>
  <datafield tag="952" ind1=" " ind2=" ">
    <subfield code="0">0</subfield>
    <subfield code="1">0</subfield>
    <subfield code="2">ddc</subfield>
    <subfield code="4">0</subfield>
    <subfield code="6">530_000000000000000_R3121_V_2</subfield>
    <subfield code="7">0</subfield>
    <subfield code="8">PHYS</subfield>
    <subfield code="9">3739</subfield>
    <subfield code="a">KO</subfield>
    <subfield code="b">KO</subfield>
    <subfield code="c">GEN</subfield>
    <subfield code="d">2012-03-29</subfield>
    <subfield code="e">Ajith Book Stall (Inv. No. 8346 Dt 2012-03-23)</subfield>
    <subfield code="g">529.00</subfield>
    <subfield code="o">530 R3121 V.2</subfield>
    <subfield code="p">BK000327</subfield>
    <subfield code="r">2019-09-30</subfield>
    <subfield code="y">BK</subfield>
    <subfield code="z">Gen. Shelf-9, Row-4</subfield>
  </datafield>
  <datafield tag="952" ind1=" " ind2=" ">
    <subfield code="0">0</subfield>
    <subfield code="1">0</subfield>
    <subfield code="2">ddc</subfield>
    <subfield code="4">0</subfield>
    <subfield code="6">530_000000000000000_R3121_V_2</subfield>
    <subfield code="7">0</subfield>
    <subfield code="8">PHYS</subfield>
    <subfield code="9">3740</subfield>
    <subfield code="a">KO</subfield>
    <subfield code="b">KO</subfield>
    <subfield code="c">GEN</subfield>
    <subfield code="d">2012-03-29</subfield>
    <subfield code="e">Ajith Book Stall (Inv. No. 8346 Dt 2012-03-23)</subfield>
    <subfield code="g">529.00</subfield>
    <subfield code="o">530 R3121 V.2</subfield>
    <subfield code="p">BK000328</subfield>
    <subfield code="r">2019-09-30</subfield>
    <subfield code="y">BK</subfield>
    <subfield code="z">Gen. Shelf-9, Row-4</subfield>
  </datafield>
</record>
